000 00875nas a2200301 4500
001 BR0002917
003 BR-BrBNA
005 20231205101906.0
007 ta
008 230509b bl.|||p| |||| 00| 00por d
040 _aBR-BrBNA
_bpor
_cBiblioteca Nacional de Agricultura
041 _a(Pt)
072 _aL70
100 1 _aTanaka, N.
100 1 _aTamura, Y.
100 1 _aNakamura, Y.
100 1 _aMisaka, T.
100 1 _aHashiguchi, M.
100 1 _aSato, T.
100 1 _aKaneshima, T.
100 1 _aSako, T.
245 1 _aUso de um shampoo anti-seborreico (Sebolytic)no tratamento de disturbios da queratinizacao em caes
650 _aCao
650 _aHigiene Veterinaria
773 0 _tHora Veterinaria (Brazil)
_xISSN 0101-9163
_g(Mar-Apr 2000), v. 19(114) p. 33-35
_wBR0002917
909 _a202311
_bLúcia
_c55
_dLúcia Elande
942 _2AGRIS
_n0
_cANA
999 _c164554
_d164554